ABC Przyrody. W pytaniach i odpowiedziach (Запис № 463623)

МАРК-запис
000 -Лідер
fixed length control field 00759 a2200241 4500
001 - Контрольний номер
control field 216219484
003 - Ідентифікатор контрольного номера
control field UA-OsUOA
005 - Дата та час останнього входження (трансакції)
control field 20201019150546.0
008 - Елементи даних фіксованої довжини – загальна інформація
fixed length control field 201019b pl ao||g |||| 00| | pol d
020 ## - Міжнародний стандартний книжковий номер (ISBN)
Міжнародний стандартний книжковий номер (ISBN) (НП) 8390542927
040 ## - Джерело каталогізації
Агенція оригінальної каталогізації UA-OsUOA
Мова каталогізації ukr
Агенція, яка здійснювала перезапис UA-OsUOA
Агенція, яка здійснювала модифікацію UA-OsUOA
041 ## - Код мови
Код мови тексту/ звукової доріжки чи окремого заголовка (П) pol
080 ## - Індекс Універсальної десяткової класифікації
Індекс Універсальної десяткової класифікації (УДК) (НП) 030
090 ## - Локальний шифр розміщення
Класифікаційний індекс УДК 030
Авторський знак (НП) A12
245 ## - Відомості про назву
Назва (НП) ABC Przyrody. W pytaniach i odpowiedziach
Дані про відповідальність (НП) redakctor Elzbieta Wierzbicka
260 ## - Публікація, розповсюдження і т.п. (Вихідні дані)
Ім’я/ наймення видавництва, розповсюджувача і т.п. (П) Przegląd Reader's Digest
Дата публікації, розповсюдження і т.п. (П) 1997
300 ## - Фізичний опис
Обсяг 328 s.
650 ## - Додаткове предметне введення – тематичний термін
Джерело заголовка чи терміна UDC
Тематичний термін чи географічна назва, як елемент введення (НП) 030 Універсальні довідкові видання
700 1# - Додаткове введення – ім'я особи
Ім’я особи (НП) Wierzbicka Elzbieta
942 ## - Додаткові елементи входу (Коха)
Тип елемента Koha Книги
Source of classification or shelving scheme Universal Decimal Classification
955 ## - Код типу видання за змістом
Код типу видання за змістом (НП) Довідкові видання
Фонди
Стан вилучень Стан втрат Джерело класифікації або схеми стелажів Стан уражень Не для кредиту Постійне місце розташування Поточне розміщення Дата придбання Джерело придбання Вартість, звичайна ціна покупки Усього замовленно Повний номер виклику Штрих-код Дата останнього перегляду Вартість, ціна заміни Ціна ефективна від Тип елемента Koha
    Universal Decimal Classification     ВІЛ - Відділ іноземн. літератури НБ ВІЛ - Відділ іноземн. літератури НБ 19/10/2020 №11/2020 20.00   030 A12 217211 09/12/2021 20.00 19/10/2020 Книги